|
|
|
|
| LEADER |
00638cam a2200181 7i4500 |
| 001 |
0000002756 |
| 005 |
20170218090000.0 |
| 020 |
|
|
|a 007223153X
|
| 090 |
0 |
0 |
|a Z253.532.A34
|b B47 2004
|
| 100 |
1 |
|
|a Bergsland, David
|
| 245 |
1 |
0 |
|a How to do everything with Adobe InDesign CS
|c David Bergsland.
|
| 260 |
|
|
|a New York:
|b McGraw-Hill/Osborne,
|c 2004.
|
| 300 |
|
|
|a xx, 474 p.:
|b ill.;
|c 24 cm.
|
| 500 |
|
|
|a Includes index
|
| 650 |
0 |
0 |
|a Adobe InDesign (Electronic resource)
|
| 650 |
0 |
0 |
|a Desktop publishing
|
| 997 |
|
|
|a Communication, Visual Art & Computing, Faculty
|b Computing, Department
|
| 999 |
|
|
|a 0000009511
|b BOK
|c OPEN SHELF
|e 2nd Floor, Bestari Jaya
|